A New Defense of Gadamer's Hermeneutics (Record no. 527914)
[ view plain ]
| 000 -CABECERA | |
|---|---|
| Campo de control de longitud fija | 00453nab a2200145Ia 4500 |
| 003 - IDENTIFICADOR DEL NÚMERO DE CONTROL | |
| Campo de control | ES-SlBCS |
| 005 - FECHA Y HORA DE LA ÚLTIMA TRANSACCIÓN | |
| Campo de control | 20210601125305.0 |
| 008 - CÓDIGOS DE INFORMACIÓN DE LONGITUD FIJA | |
| Campo de control de longitud fija | 140529s2000 xxu||||| |||| 00| 0 eng d |
| 041 ## - CÓDIGO DE LENGUA | |
| Código de lengua del texto/banda sonora o título independiente | eng |
| 100 1# - PUNTO DE ACCESO PRINCIPAL-NOMBRE DE PERSONA | |
| Nombre de persona | Weberman, David |
| 9 (RLIN) | 133094 |
| 245 02 - MENCIÓN DE TÍTULO | |
| Título | A New Defense of Gadamer's Hermeneutics |
| Mención de responsabilidad, etc. | David Weberman |
| 600 04 - PUNTO DE ACCESO ADICIONAL DE MATERIA-NOMBRE DE PERSONA | |
| Nombre personal | Gadamer-Hermenéutica |
| 9 (RLIN) | 131747 |
| 773 0# - ENLACE AL DOCUMENTO FUENTE | |
| Título | Philosophy and Phenomenological Research |
| Parte(s) relacionada(s) | vol. 60, 2000, págs. 45-66 |
| Número de control del registro relacionado | Rev1411 |
| 942 ## - ENTRADA DE ELEMENTOS AGREGADOS (KOHA) | |
| Koha [por defecto] tipo de item | Artículos de revista |
| Suprimido | Perdido | Estropeado | No para préstamo | Localización permanente | Localización actual | Localización en estantería | Fecha adquisición | Préstamos totales | Fecha última consulta | Fecha del precio de reemplazo | Tipo de item de Koha |
|---|---|---|---|---|---|---|---|---|---|---|---|
| San Esteban | San Esteban | Depósito de revistas | 11/07/2014 | 11/07/2014 | 11/07/2014 | Artículos de revista |
